Language Quiz

Random Language or Letter Quiz

6 Letter Word Mashups Quiz Stats

 Plays Quiz Updated Dec 21, 2012

Also try: Double D Words
Challenge
Share
Tweet
Embed
Score 0/24 Timer 07:00
0 Plays Today
Mashup Word % Correct
CAVOFENFEEGECOFFEE
85.7%
CAVOFENFEEGEAVENGE
80.5%
HACLIRAMASXSCLIMAX
72.3%
HACLIRAMASXSHARASS
71%
STBERAVUCERKSTRUCK
66.1%
STBERAVUCERKBEAVER
66%
DAESNSIWREERANSWER
65.1%
REDSURINCUEGRESCUE
65%
DAESNSIWREERDESIRE
65%
REDSURINCUEGDURING
64.9%
REAMMERBGELERAMBLE
63.9%
REAMMERBGELEEMERGE
63.4%
Mashup Word % Correct
LOILIENGETHRLENGTH
62.6%
TELREVENCHENELEVEN
62.2%
TELREVENCHENTRENCH
62.1%
PROIRIMOLEERPRIMER
61.9%
LOILIENGETHROILIER
60.4%
UNPEAWATLYRDUPWARD
59.7%
UNPEAWATLYRDNEATLY
59%
PROIRIMOLEERORIOLE
58.8%
MOCLARPTETENCARPET
57.9%
MOCLARPTETENMOLTEN
56.9%
IGORDEIANSEEIODINE
38.1%
IGORDEIANSEEGREASE
38.1%

You're not logged in!

Compare scores with friends on all Sporcle quizzes.
Join for Free
OR
Log In

You Might Also Like...

Show Comments

Extras

Top Quizzes Today


Score Distribution

Your Account Isn't Verified!

In order to create a playlist on Sporcle, you need to verify the email address you used during registration. Go to your Sporcle Settings to finish the process.

Report this User

Report this user for behavior that violates our Community Guidelines.

Details: